Catálogo
 En Linea

Desarrollo y descomposición de la economía dominicana / (Registro nro. 29807)

Detalles MARC
000 -CABECERA
campo de control de longitud fija 00605nam a2200181 a 4500
001 - NÚMERO DE CONTROL
campo de control 000030315
005 - FECHA Y HORA DE LA ÚLTIMA TRANSACCIÓN
campo de control 20210622122544.0
008 - DATOS DE LONGITUD FIJA--INFORMACIÓN GENERAL
campo de control de longitud fija 110509s1969 dr 000 0 spa d
040 ## - FUENTE DE LA CATALOGACIÓN
Centro catalogador/agencia de origen DO-SdBNP
Lengua de catalogación spa
Centro/agencia transcriptor BNPHU
082 ## - NÚMERO DE LA CLASIFICACIÓN DECIMAL DEWEY
Número de clasificación xxx
Número de documento/Ítem D542d
049 ## - FONDOS LOCALES (OCLC)
Fondos de biblioteca BNPD
100 1# - ENTRADA PRINCIPAL--NOMBRE DE PERSONA
Nombre de persona Díaz Santana, Arismendi
9 (RLIN) 1343
245 10 - MENCIÓN DE TÍTULO
Título Desarrollo y descomposición de la economía dominicana /
Mención de responsabilidad, etc. Arismendi Díaz Santana.
260 ## - PUBLICACIÓN, DISTRIBUCIÓN, ETC.
Lugar de publicación, distribución, etc. Santo Domingo
Fabricante Impresiones M. D.
Fecha de publicación, distribución, etc. 1969.
300 ## - DESCRIPCIÓN FÍSICA
Extensión 36 p. ;
Dimensiones 22 cm.
500 ## - NOTA GENERAL
Nota general Incluye notas al pie de las páginas
500 ## - NOTA GENERAL
Nota general Incluye datos biográficos del autor en la contraportada
Existencias
Estado de retiro Estado de pérdida No para préstamo Código de colección Localización permanente Ubicación/localización actual Ubicación en estantería Fecha de adquisición Número de inventario Total de préstamos Signatura topográfica completa Código de barras Fecha visto por última vez Precio válido a partir de Tipo de ítem Koha
    Excluido de préstamo Patrimonio Dominicano Patrimonio Dominicano Patrimonio Dominicano En catalogación 09.05.2011 LF1   xxx D542d 30315-10 25.06.2020 25.06.2020 Libro y Folleto Colección Patrimonio Dominicano

Con tecnología Koha